La adaptación a los vidrios correctores (Record no. 692237)

000 -CABECERA
Campo de control de longitud fija 00623nab a2200181Ia 4500
003 - IDENTIFICADOR DEL NÚMERO DE CONTROL
Campo de control ES-SlBCS
005 - FECHA Y HORA DE LA ÚLTIMA TRANSACCIÓN
Campo de control 20210601143433.0
008 - CÓDIGOS DE INFORMACIÓN DE LONGITUD FIJA
Campo de control de longitud fija 140529s1994 xxu||||| |||| 00| 0 spa d
041 ## - CÓDIGO DE LENGUA
Código de lengua del texto/banda sonora o título independiente spa
100 1# - PUNTO DE ACCESO PRINCIPAL-NOMBRE DE PERSONA
Nombre de persona Gauthier, Gilles
9 (RLIN) 176807
245 00 - MENCIÓN DE TÍTULO
Título La adaptación a los vidrios correctores
Mención de responsabilidad, etc. Gilles Gauthier, J.-L. Vercher, G. Obrecht, John L. Semmlow
650 04 - PUNTO DE ACCESO ADICIONAL DE MATERIA-TÉRMINO DE MATERIA
Término de materia o nombre geográfico como elemento inicial Vidrios
9 (RLIN) 286917
700 1# - PUNTO DE ACCESO ADICIONAL-NOMBRE DE PERSONA
Nombre de persona Obrecht, G
9 (RLIN) 286918
700 1# - PUNTO DE ACCESO ADICIONAL-NOMBRE DE PERSONA
Nombre de persona Semmlow, John L.
9 (RLIN) 286919
700 1# - PUNTO DE ACCESO ADICIONAL-NOMBRE DE PERSONA
Nombre de persona Vercher, J.-L
9 (RLIN) 286920
773 0# - ENLACE AL DOCUMENTO FUENTE
Título Mundo Cientifico (Traducción de: la Recherche Scientifique)
Parte(s) relacionada(s) nº. 146, 1994, págs. 442-450
Número de control del registro relacionado Rev1669
942 ## - ENTRADA DE ELEMENTOS AGREGADOS (KOHA)
Koha [por defecto] tipo de item Artículos de revista
Holdings
Suprimido Perdido Estropeado No para préstamo Localización permanente Localización actual Localización en estantería Fecha adquisición Préstamos totales Fecha última consulta Fecha del precio de reemplazo Tipo de item de Koha
        San Esteban San Esteban Depósito de revistas 11/07/2014   11/07/2014 11/07/2014 Artículos de revista

Bibliotecas Dominicos Provincia Hispania, 2016

Con tecnología Koha